| 000 | 01011cam a2200253 4500 | ||
|---|---|---|---|
| 001 | ##L127319 | ||
| 008 | 040910n2005 000 0 eng u | ||
| 020 | _a0071238212 | ||
| 035 | _a(Sirsi) u127319 | ||
| 041 | 0 | _aeng | |
| 050 | 0 | 4 | _a332.6324 $2 18 |
| 100 | 1 | _aBrueggeman, W. B. | |
| 245 | 0 | 0 | _aReal estate finance and investments |
| 250 | _a12th ed | ||
| 260 |
_aNew York _bMcGraw-Hill _c2005 |
||
| 300 |
_axv, 640p. _c26cm. |
||
| 350 | _a43.99 | ||
| 520 | _aThe 12th edition of this American text provides an overview of commercial property practice and the financing of real estate in the United States. New features include internet exercises for students to encourage them to use the information available online and lists of URLs and web resources. | ||
| 520 | _aAccompanied my a CD-ROM (L145169) which is not available for loan. | ||
| 651 | 4 | _aUNITED STATES | |
| 690 | _aPROPERTY-COMMERCIAL PROPERTY-COMMERCIAL PROPERTY FINANCE AND INVESTMENT | ||
| 700 | _aFisher, J. D. | ||
| 942 | _n0 | ||
| 999 |
_c103729 _d103729 |
||